Conversational Kannada: (Record no. 190292)

MARC details
000 -LEADER
fixed length control field 00669nam a22001937a 4500
005 - DATE AND TIME OF LATEST TRANSACTION
control field 20220721151618.0
010 ## - LCCN (DPL NO)
LC control number ENG-133798
020 ## - INTERNATIONAL STANDARD BOOK NUMBER
Terms of availability 495.00
International Standard Book Number 9788172866167
035 ## - SYSTEM CONTROL NUMBER
System control number EN-117330
037 ## - SOURCE OF ACQUISITION
Source of stock number/acquisition DBAD/PUB
082 ## - DEWEY DECIMAL CLASSIFICATION NUMBER
Classification number 494.81482421
100 ## - MAIN ENTRY--PERSONAL NAME
Personal name Krishnamurthy, N.D.
245 ## - TITLE STATEMENT
Title Conversational Kannada:
Remainder of title A Micro-Wave Approach/
Statement of responsibility, etc N.D.Krishnamurthy
260 ## - PUBLICATION, DISTRIBUTION, ETC. (IMPRINT)
Place of publication, distribution, etc Bengaluru
Name of publisher, distributor, etc Prism Books Pvt. Ltd.
Date of publication, distribution, etc 2010
270 ## - ADDRESS
Address # 1865, 32nd Cross, 10th Main, BSK II Stage
City Bengaluru
Postal code 560070
Telephone number 080-26714108
Fax number 080-26713979
Electronic mail address info@prismbooks.com
300 ## - PHYSICAL DESCRIPTION
Extent 430p.
Dimensions 21cm(pbk)
Other physical details Preface
700 ## - ADDED ENTRY--PERSONAL NAME
Personal name U.P. Upadhyay
942 ## - ADDED ENTRY ELEMENTS (KOHA)
Source of classification or shelving scheme Dewey Decimal Classification
Item type English Books
Classification part 494.81482421
Call number suffix KRI
Holdings
Withdrawn status Lost status Not for loan Collection code Home library Current library Date acquired Source of acquisition Cost, normal purchase price Full call number Barcode Copy number Cost, replacement price Koha item type
      Non-fiction Bawana Bawana 21/07/2022 DBAD/PUB 495.00 494.81482421 KRI EN-117330 1 495.00 English Books

© Delhi Public Library
Hit Counter
free hit counter